| 000 | 00528nam a2200205Ia 4500 | ||
|---|---|---|---|
| 003 | GCL | ||
| 008 | 140319s9999 xx 000 0 eng d | ||
| 040 |
_aGCL / _cGCL |
||
| 082 | 0 | 4 |
_a616.15 _bM A |
| 100 | 1 | _aMCDONALD, GEORGE A. | |
| 245 | 1 | 0 |
_aAHAS OF HAEMATOLOGY / _cMCDONALD, GEORGE A. |
| 700 | 1 | _aPAUL, JAMES | |
| 700 | 1 | _aGRUICKSHANK, BRACE | |
| 700 | 1 | _aDAVIDSON,SIR STANLEY | |
| 260 |
_a[S.N] : _bCHAREHILL LIVINGSTON ، _c1988 |
||
| 300 | _a278\P | ||
| 650 | 0 | 4 | _aBLOOD |
| 650 | 0 | 4 | _aHEMATOLOGY |
| 942 |
_2ddc _cBK |
||
| 999 |
_c20034 _d20034 |
||